[Event "IECG CP.1999.P.00047"]
[Site "IECG email"]
[Date "1999.10.01"]
[Round "?"]
[White "Wilson, Bill"]
[Black "Paetzold, Ortwin"]
[Result "0-1"]
[WhiteElo "2034"]
[BlackElo "1869"]
[PlyCount "24"]
[EventDate "1999.10.01"]
[EventType "tourn (corr)"]
[EventRounds "6"]
[EventCountry "GER"]
[SourceTitle "Corr 2024"]
[Source "ChessBase"]
[SourceDate "2023.10.19"]
[SourceVersion "1"]
[SourceVersionDate "2023.10.19"]
[SourceQuality "1"]

1. e4 c5 2. Nf3 d6 3. d4 cxd4 4. Nxd4 Nf6 5. Nc3 a6 6. Bg5 e6 7. f4 Qb6 8. a3 Nbd7 9. Be2 Be7 10. Nb3 h6 11. Bxf6 Bxf6 12. Qd2 Nc5 0-1